000 00723nam a22002055i 4500
001 165814
003 ES-MaACL
005 20230906213218.0
008 990322s1865 xxkafe |||| | eng d
040 _aCCPB | B
_bspa
_cCCPB | B
100 1 _aStreet, George Edmund.
_9108414
245 1 0 _aSome account of gothic architecture in Spain /
_cby George Edmund Street.
260 _aLondon :
_bJohn Murray,
_c1865 (
_fPrinted by William Clowes and Sons)
300 _aXIV, 527 p., 51 h. de lám., XXV h. de plan. :
_bil. ;
_c23 cm.
500 1 _aÍndices.
650 4 _aArquitectura gótica-
_zEspaña.
_9224259
752 _aGran Bretaña -
_dLondres
852 _aES-MaACL
_jG-10008
_z-- Enc. tela
999 _c165814
_d165814